| 000 | 00925pam a2200301 i 4500 | ||
|---|---|---|---|
| 001 | 15406 | ||
| 003 | BD-RjUL | ||
| 005 | 20211208235817.0 | ||
| 008 | 140210s1976 nyua b 000 0 eng d | ||
| 020 | _a0023038209 | ||
| 035 | _a(BD-RjUL)15460 | ||
| 040 |
_aDLC _cDLC _dDLC _dBD-RjUL _beng |
||
| 041 | _aeng | ||
| 082 | 0 | 0 |
_a658.15 _bART 1976 |
| 100 | 1 |
_aArcher, Stephen Hunt, _943792 |
|
| 245 | 1 | 4 |
_aThe theory of business finance : _ba book of readings / _c Stephen H. Archer, Charles A. D'Ambrosio. |
| 250 | _a2nd ed. | ||
| 260 |
_aNew York : _aLondon ; _bMacmillan, _cc1976. |
||
| 300 |
_axii, 697 p. : _bill. ; _c23 cm. |
||
| 504 | _aIncludes bibliographies. | ||
| 650 | 0 |
_aCorporations _xFinance. _911486 |
|
| 650 | 0 |
_aBusiness enterprises _xFinance. _947855 |
|
| 650 | 0 |
_aCapital. _947856 |
|
| 700 | 1 |
_aD'Ambrosio, Charles A., _9231694 |
|
| 942 |
_2ddc _cBK |
||
| 999 |
_c15406 _d15406 |
||